| 000 | 00467 a2200193 4500 | ||
|---|---|---|---|
| 005 | 20260408164459.0 | ||
| 008 | 260408b |||||||| |||| 00| 0 eng d | ||
| 020 |
_a9789393631008 _cRs. 4295.00 |
||
| 040 | _aMAIN | ||
| 082 | _a346.54016 | ||
| 100 | _aRai, Ashok Kumar | ||
| 245 | _aHindu law in Modern India | ||
| 260 |
_bOxford Publisers _c2022 _aNew Delhi |
||
| 300 | _aviii, 398 | ||
| 650 | _aLaw | ||
| 650 | _aHindu Law | ||
| 650 | _aIndia | ||
| 942 | _cBK | ||
| 999 |
_c396289 _d396289 |
||